Anime - Statistiques

Statistiques générales
  • Ce quiz a été pris 433 fois
  • Le résultat moyen est 15 sur 17
Statistiques - réponses
Indice Réponse % Correct
Snk TRIO Eren
96%
Equipe 7 Naruto
96%
Snk TRIO Mikasa
95%
Equipe 7 Sakura
95%
Equipe 7 Sasuke
94%
Demon Slayer TRIO Tanjiro
93%
Snk TRIO Armin
92%
Equipe 7 kakashi
92%
Fairy Tail TRIO Natsu
91%
Fairy Tail TRIO Lucy
88%
Demon Slayer TRIO Inosuke
84%
Demon Slayer TRIO Zenitsu
84%
Fairy Tail TRIO Grey
79%
Equipe 8 hinata
77%
Equipe 8 kiba
69%
Equipe 8 shino
69%
Equipe 8 Kurenai
62%
Aucun quiz correspondant
Distribution des résultats
% des personnes avec chaque résultat
Percentile par nombre de réponses
Votre historique - résultats
Vous n’avez pas pris ce quiz